[Event "Marianske Lazne GM-A2 22nd"]
[Site "Marianske Lazne"]
[Date "2024.01.14"]
[Round "2"]
[White "Besou, Hussain"]
[Black "Raczek, Krzysztof"]
[Result "1/2-1/2"]
[WhiteElo "2277"]
[BlackElo "2347"]
[PlyCount "63"]
[EventDate "2024.01.13"]
[EventType "tourn"]
[EventRounds "9"]
[EventCountry "CZE"]
[EventCategory "6"]
[SourceTitle "CB04_2024"]
[SourceDate "2023.10.16"]
[SourceVersion "1"]
[SourceVersionDate "2023.10.16"]
[SourceQuality "1"]

1. d4 Nf6 2. c4 e6 3. Nc3 d5 4. Nf3 a6 5. cxd5 exd5 6. Bg5 Be7 7. e3 c6 8. Bd3 0-0 9. Qc2 Nbd7 10. 0-0 Re8 11. Rab1 Nf8 12. b4 Ng6 13. Bxf6 Bxf6 14. Bf5 Bxf5 15. Qxf5 Ne7 16. Qc2 Nc8 17. a4 b5 18. axb5 axb5 19. Ne2 Ra6 20. Ra1 Rb6 21. Ra8 Qe7 22. Qc3 Nd6 23. Rfa1 Nc4 24. R1a7 Qf8 25. Rxe8 Qxe8 26. Nf4 Rb8 27. Nd3 h6 28. Nc5 Be7 29. h3 Bd6 30. Qc2 Ra8 31. Qa2 Rb8 32. Qc2 1/2-1/2

[Event "GER-chT Lands U20"]
[Site "Hannover"]
[Date "2023.10.01"]
[Round "1"]
[White "Albert, Markus1111"]
[Black "Besou, Hussain"]
[Result "1-0"]
[WhiteElo "2256"]
[BlackElo "2364"]
[PlyCount "71"]
[EventDate "2023.10.01"]
[EventType "team-swiss"]
[EventRounds "7"]
[EventCountry "GER"]
[SourceTitle "EXT 2024"]
[Source "ChessBase"]
[SourceDate "2023.10.10"]
[SourceVersion "1"]
[SourceVersionDate "2023.10.10"]
[SourceQuality "1"]

1. e4 c6 2. Nc3 d5 3. Nf3 Bg4 4. h3 Bxf3 5. Qxf3 e6 6. d3 Nf6 7. Bd2 a5 8. Be2 a4 9. 0-0 d4 10. Nd1 Bd6 11. g3 a3 12. Qg2 e5 13. f4 Nfd7 14. f5 Na6 15. Kh1 Nb4 16. c3 axb2 17. Nxb2 dxc3 18. Bxc3 Nxa2 19. Bd2 Bb4 20. Bf3 c5 21. Nc4 0-0 22. Be3 Nc3 23. Qc2 b5 24. Nb2 Rxa1 25. Rxa1 Nb6 26. Kg2 Nba4 27. Nxa4 Nxa4 28. h4 Qa5 29. f6 Qb6 30. fxg7 Kxg7 31. Bg4 Kh8 32. Bf5 Qf6 33. Qe2 Qg7 34. Qh5 Rg8 35. Bg5 h6 36. g4 1-0

[Event "World-chT Rapid"]
[Site "Dusseldorf"]
[Date "2023.08.28"]
[Round "9"]
[White "Besou, Hussain"]
[Black "Braeutigam, Alexander"]
[Result "1-0"]
[WhiteElo "2364"]
[BlackElo "1911"]
[PlyCount "217"]
[EventDate "2023.08.26"]
[EventType "team-swiss (rapid)"]
[EventRounds "12"]
[EventCountry "GER"]
[SourceTitle "CBM 215 Extra"]
[Source "ChessBase"]
[SourceDate "2023.09.30"]
[SourceVersion "1"]
[SourceVersionDate "2023.09.30"]
[SourceQuality "1"]
[WhiteTeam "Hemer"]
[BlackTeam "Kiel Doppelbauer"]
[WhiteTeamCountry "GER"]
[BlackTeamCountry "GER"]

1. e4 c5 2. Nc3 d6 3. d4 cxd4 4. Qxd4 Nc6 5. Qd2 Nf6 6. b3 g6 7. Bb2 Bg7 8. 0-0-0 a6 9. Kb1 b5 10. f3 Bb7 11. Nd5 Ne5 12. g4 Bxd5 13. exd5 Rc8 14. h4 Qc7 15. Rh2 Qc5 16. Rg2 Kf8 17. h5 h6 18. hxg6 Nxg6 19. c4 bxc4 20. Bxc4 Ne5 21. Bxa6 Ra8 22. Bf1 Qa7 23. Bd4 Qa3 24. Qb2 Nxd5 25. Qxa3 Rxa3 26. Bxe5 Bxe5 27. Rxd5 e6 28. Rdd2 Ke7 29. Rc2 Rha8 30. Rc7+ Kf6 31. Bd3 Rxb3+ 32. axb3 Ra1+ 33. Kc2 Ra2+ 34. Kd1 Rxg2 35. Ne2 Rf2 36. f4 Bxf4 37. Nxf4 Rxf4 38. Rc4 Rf3 39. Ke2 Rh3 40. b4 d5 41. Rf4+ Ke7 42. Rf3 Rh2+ 43. Rf2 Rh4 44. Rg2 f5 45. Kf3 Rh3+ 46. Rg3 fxg4+ 47. Kxg4 Rh2 48. b5 Rb2 49. Kf4 Kd6 50. Rg6 h5 51. Rh6 Rb3 52. Ke3 h4 53. Kd2 h3 54. Kc2 Rb4 55. Kc3 Kc5 56. Rxe6 Rh4 57. Re1 h2 58. Rh1 Rh3 59. Kd2 Kd4 60. Bf1 Rh6 61. Ke2 Kc3 62. Kf3 d4 63. Kg3 d3 64. Rxh2 d2 65. Be2 Re6 66. Kf2 Kc2 67. Rh1 Rf6+ 68. Bf3 Rb6 69. Rh5 Rf6 70. Rc5+ Kb3 71. Rd5 Kc4 72. Rxd2 Kxb5 73. Ke3 Kc4 74. Rc2+ Kb3 75. Rc7 Rd6 76. Be4 Kb4 77. Bd3 Re6+ 78. Kd2 Rh6 79. Rc4+ Kb3 80. Rc5 Rh2+ 81. Be2 Rh4 82. Rc3+ Kb4 83. Kc2 Rh2 84. Rc4+ Kb5 85. Re4+ Kc5 86. Kc3 Rh3+ 87. Bd3 Rh5 88. Ra4 Kb6 89. Ra6+ Kc7 90. Kd4 Rg5 91. Be4 Rh5 92. Bd5 Kd7 93. Rf6 Ke7 94. Re6+ Kd7 95. Kc5 Rh2 96. Rf6 Rd2 97. Rf7+ Ke8 98. Rg7 Kf8 99. Rh7 Rb2 100. Kd6 Rb6+ 101. Ke5 Ra6 102. Be6 Ra1 103. Kf6 Rf1+ 104. Bf5 Rg1 105. Bh3 Rg3 106. Rh4 Rf3+ 107. Bf5 Rg3 108. Bg4 Kg8 109. Be6+ 1-0

[Event "World-chT Rapid"]
[Site "Dusseldorf"]
[Date "2023.08.28"]
[Round "11"]
[White "Priyanka, Nutakki"]
[Black "Besou, Hussain"]
[Result "1-0"]
[WhiteElo "2283"]
[BlackElo "2364"]
[PlyCount "159"]
[EventDate "2023.08.26"]
[EventType "team-swiss (rapid)"]
[EventRounds "12"]
[EventCountry "GER"]
[SourceTitle "CBM 215 Extra"]
[Source "ChessBase"]
[SourceDate "2023.09.30"]
[SourceVersion "1"]
[SourceVersionDate "2023.09.30"]
[SourceQuality "1"]
[WhiteTeam "Six Pack"]
[BlackTeam "Hemer"]
[WhiteTeamCountry "IND"]
[BlackTeamCountry "GER"]

1. d4 Nf6 2. Nf3 d5 3. Bf4 c5 4. e3 Nc6 5. Nbd2 e6 6. c3 Nh5 7. Bg5 f6 8. Bh4 g6 9. Bb5 Be7 10. e4 cxd4 11. Nxd4 Bd7 12. Be2 Nf4 13. Bg3 Nxd4 14. Bxf4 Nxe2 15. Qxe2 e5 16. Bh6 Bc6 17. Rd1 Qa5 18. a3 0-0-0 19. 0-0 g5 20. b4 Qa6 21. Qf3 dxe4 22. Nxe4 Qc4 23. Qg4+ Kb8 24. Nxf6 Qxc3 25. Bxg5 Bxf6 26. Bxf6 Rdg8 27. Bg7 h5 28. Qg5 Qc4 29. Qxe5+ Ka8 30. f3 Rh7 31. Rd4 Qb5 32. Qxb5 Bxb5 33. Rfd1 b6 34. Rd8+ Rxd8 35. Rxd8+ Kb7 36. Be5 Re7 37. f4 Bd7 38. Kf2 Kc6 39. Ke3 Kd5 40. Kd3 Rf7 41. g3 a6 42. Rb8 Bb5+ 43. Kc3 Kc6 44. Bd4 Rd7 45. Rxb6+ Kd5 46. Rh6 Be2 47. Bc5 Ke4 48. Bd6 Kd5 49. Kd2 Bg4 50. Be5 Kc4+ 51. Rd6 Ra7 52. Rd4+ Kb3 53. Rd3+ Kc4 54. Rc3+ Kd5 55. Ke3 Ke6 56. Rc6+ Kd5 57. Rc5+ Ke6 58. Bd4 Ra8 59. h3 Bxh3 60. Rxh5 Bf5 61. Rh6+ Kd5 62. Be5 Be6 63. Rh1 Bg4 64. Rc1 Ke6 65. a4 Ra7 66. Rc6+ Kd5 67. Rc5+ Ke6 68. Ra5 Rb7 69. Rxa6+ Kd5 70. Rd6+ Kc4 71. b5 Kb4 72. Rd4+ Ka5 73. Rc4 Rd7 74. Bc3+ Kb6 75. Rc6+ Kb7 76. a5 Rd5 77. a6+ Ka7 78. Bd4+ Kb8 79. b6 Bd7 80. Rh6 1-0

[Event "Titled Tuesday intern op 15th Aug Early"]
[Site "Chess.com INT"]
[Date "2023.08.15"]
[Round "3"]
[White "Besou, Hussain"]
[Black "Klukin, Kirill"]
[Result "0-1"]
[WhiteElo "2364"]
[BlackElo "2390"]
[PlyCount "94"]
[EventDate "2023.08.15"]
[EventType "swiss (blitz)"]
[EventRounds "11"]
[EventCountry "USA"]
[SourceTitle "EXT 2024"]
[Source "ChessBase"]
[SourceDate "2023.10.10"]
[SourceVersion "1"]
[SourceVersionDate "2023.10.10"]
[SourceQuality "1"]

1. d4 Nf6 2. c4 Nc6 3. Nf3 e6 4. Nc3 Bb4 5. Bd2 0-0 6. Qc2 d6 7. e4 e5 8. d5 Nd4 9. Qd3 Re8 10. Be2 c5 11. dxc6 bxc6 12. Nxd4 exd4 13. Qxd4 Bc5 14. Qd3 d5 15. 0-0 Nxe4 16. cxd5 Nxd2 17. Qxd2 cxd5 18. Bf3 Rb8 19. Bxd5 Qf6 20. Rae1 Bf5 21. a3 Red8 22. Rd1 Bd6 23. g3 Be5 24. Rfe1 h5 25. Qe3 Bc7 26. b4 Bg4 27. Rc1 Bb6 28. Ne4 Bxe3 29. Nxf6+ gxf6 30. Rxe3 Rxd5 31. Kg2 Rbd8 32. Rc7 R5d7 33. Rc5 Kg7 34. h3 Bd1 35. b5 Kg6 36. Rc4 Rd4 37. Rc7 R8d7 38. Rc8 Rd8 39. Rc7 R4d7 40. Rc6 Ba4 41. Rf3 Rd6 42. Rc5 Rd5 43. Rc6 R8d6 44. Rc8 Bxb5 45. Rf4 Bc6 46. Kh2 Rd1 47. g4 h4 0-1

[Event "Titled Tuesday intern op 15th Aug Early"]
[Site "Chess.com INT"]
[Date "2023.08.15"]
[Round "6"]
[White "Shuvalova, Polina"]
[Black "Besou, Hussain"]
[Result "0-1"]
[WhiteElo "2496"]
[BlackElo "2364"]
[PlyCount "86"]
[EventDate "2023.08.15"]
[EventType "swiss (blitz)"]
[EventRounds "11"]
[EventCountry "USA"]
[SourceTitle "EXT 2024"]
[Source "ChessBase"]
[SourceDate "2023.10.10"]
[SourceVersion "1"]
[SourceVersionDate "2023.10.10"]
[SourceQuality "1"]

1. f4 d5 2. Nf3 Nf6 3. g3 c5 4. Bg2 g6 5. 0-0 Bg7 6. d3 0-0 7. Nbd2 d4 8. e4 dxe3 9. Nc4 Nc6 10. Bxe3 Nd4 11. c3 Nxf3+ 12. Bxf3 Qc7 13. Qe2 Rd8 14. Rad1 Be6 15. Qg2 Rab8 16. Bf2 b5 17. Ne5 Bxa2 18. Nc6 Bb3 19. Rd2 c4 20. d4 e6 21. Ra1 Nd5 22. Nxb8 Qxb8 23. Re2 Qb6 24. h4 a5 25. h5 b4 26. Be1 bxc3 27. bxc3 Nxc3 28. Bxc3 Bxd4+ 29. Kh2 Bxc3 30. Rh1 a4 31. hxg6 hxg6 32. Qh3 Bg7 33. Kg2 c3 34. Be4 Bc4 35. Rf2 Qe3 36. Bf3 Rd2 37. Qh7+ Kf8 38. Rxd2 cxd2 39. Qh4 Qd4 40. Rb1 Bb3 41. Bd1 Bf6 42. Qh6+ Ke7 43. Bf3 Qd3 0-1

[Event "Erkenschwick Jubilee"]
[Site "Oer Erkenschwick"]
[Date "2023.08.12"]
[Round "9"]
[White "Besou, Hussain"]
[Black "De Winter, Arthur"]
[Result "0-1"]
[WhiteElo "2364"]
[BlackElo "2360"]
[PlyCount "66"]
[EventDate "2023.08.04"]
[EventType "tourn"]
[EventRounds "9"]
[EventCountry "GER"]
[EventCategory "6"]
[SourceTitle "EXT 2024"]
[Source "ChessBase"]
[SourceDate "2023.10.10"]
[SourceVersion "1"]
[SourceVersionDate "2023.10.10"]
[SourceQuality "1"]

1. d4 Nf6 2. c4 g6 3. Nc3 d5 4. cxd5 Nxd5 5. e4 Nxc3 6. bxc3 Bg7 7. Bc4 c5 8. Ne2 Nc6 9. Be3 0-0 10. 0-0 b6 11. Qd2 Bb7 12. Rfd1 Rc8 13. Rac1 cxd4 14. cxd4 Na5 15. Bd3 Qd7 16. h4 h5 17. d5 e6 18. dxe6 Qxe6 19. Nd4 Qg4 20. Nb5 Rxc1 21. Qxc1 Bxe4 22. Bxe4 Qxe4 23. Nxa7 Qxh4 24. Qc7 Qa4 25. Rc1 Qxa2 26. Bxb6 Nb3 27. Rd1 Qe2 28. Rb1 Nd2 29. Rc1 Bb2 30. Be3 Bxc1 31. Qxc1 Nc4 32. Bd4 Re8 33. Qh6 Qd1+ 0-1

[Event "Erkenschwick Jubilee"]
[Site "Oer Erkenschwick"]
[Date "2023.08.10"]
[Round "7"]
[White "Besou, Hussain"]
[Black "Koellner, Ruben Gideon"]
[Result "0-1"]
[WhiteElo "2364"]
[BlackElo "2478"]
[PlyCount "118"]
[EventDate "2023.08.04"]
[EventType "tourn"]
[EventRounds "9"]
[EventCountry "GER"]
[EventCategory "6"]
[SourceTitle "EXT 2024"]
[Source "ChessBase"]
[SourceDate "2023.10.10"]
[SourceVersion "1"]
[SourceVersionDate "2023.10.10"]
[SourceQuality "1"]

1. d4 d5 2. c4 e6 3. Nc3 Be7 4. Nf3 Nf6 5. Bf4 0-0 6. e3 b6 7. Bd3 Ba6 8. cxd5 Nxd5 9. Bg3 Nxc3 10. bxc3 Bxd3 11. Qxd3 c5 12. 0-0 Nc6 13. e4 cxd4 14. cxd4 Rc8 15. Rfd1 Qd7 16. d5 Nb4 17. Qb3 exd5 18. Ne5 Qb7 19. exd5 Rcd8 20. Rd4 Nxd5 21. Rad1 Nf6 22. Nxf7 Rxd4 23. Nd6+ Qd5 24. Rxd4 Qxb3 25. axb3 Rd8 26. Kf1 Bxd6 27. Bxd6 Kf7 28. Be5 Rxd4 29. Bxd4 Ne4 30. Ke2 g6 31. Kd3 Nd6 32. Be5 Ke6 33. Kd4 Nb5+ 34. Ke4 a5 35. f4 Nd6+ 36. Kd4 Nb5+ 37. Ke4 Nd6+ 38. Kd4 h5 39. g3 Nb5+ 40. Ke4 Nd6+ 41. Kd4 Kd7 42. Kd5 Nf5 43. Ke4 Nd6+ 44. Kd5 Nf5 45. Ke4 Kc6 46. Bc3 Kd6 47. Be1 Ke6 48. h3 b5 49. g4 Nd6+ 50. Kd4 a4 51. bxa4 bxa4 52. Kc5 a3 53. Kb4 a2 54. Bc3 Ne4 55. Bb2 h4 56. Kb3 Nf2 57. Kxa2 Nxh3 58. Bd4 Nxf4 59. Bg1 Kf6 0-1

[Event "Titled Tuesday intern op 01st Aug Late"]
[Site "Chess.com INT"]
[Date "2023.08.01"]
[Round "7"]
[White "Ardelean, George Catalin"]
[Black "Besou, Hussain"]
[Result "1-0"]
[WhiteElo "2447"]
[BlackElo "2364"]
[PlyCount "147"]
[EventDate "2023.08.01"]
[EventType "swiss (blitz)"]
[EventRounds "11"]
[EventCountry "USA"]
[SourceTitle "EXT 2024"]
[Source "ChessBase"]
[SourceDate "2023.10.10"]
[SourceVersion "1"]
[SourceVersionDate "2023.10.10"]
[SourceQuality "1"]

1. d4 Nf6 2. Bf4 d5 3. e3 c5 4. Nc3 a6 5. dxc5 e6 6. b4 Nc6 7. a3 a5 8. Rb1 axb4 9. axb4 Be7 10. Nf3 0-0 11. Be2 Bd7 12. Nb5 Ne4 13. 0-0 b6 14. Bc7 Qc8 15. Bxb6 Bf6 16. c4 Ra2 17. cxd5 exd5 18. Bd3 Bg4 19. Nd6 Nxd6 20. cxd6 Ne5 21. Rc1 Qb7 22. Bc5 Bxf3 23. gxf3 Qd7 24. Kg2 h5 25. Bb1 Rb2 26. Qxd5 h4 27. h3 Rc8 28. Qe4 g6 29. Bd4 Rxc1 30. Rxc1 Rxb4 31. Ba2 Qxd6 32. Qa8+ Rb8 33. Rc8+ Rxc8 34. Qxc8+ Kg7 35. Qb7 Nd7 36. Qb3 Qe7 37. Bxf6+ Nxf6 38. Qc4 Nd7 39. f4 Nf6 40. Qd4 Qb7+ 41. Kg1 Qa6 42. Bc4 Qc6 43. Be2 Qc1+ 44. Kg2 Qc6+ 45. Bf3 Qe6 46. f5 Qxf5 47. Qxh4 Nh7 48. Qd4+ Kh6 49. Bg4 Qb5 50. h4 Qc6+ 51. Bf3 Qf6 52. Qxf6 Nxf6 53. Kg3 Kg7 54. Kf4 Nd7 55. h5 gxh5 56. Bxh5 Kf6 57. Bg4 Ne5 58. e4 Nd3+ 59. Ke3 Ne5 60. Be2 Ke6 61. f4 Nc6 62. Bc4+ Ke7 63. Bd5 Nb4 64. Kd4 f6 65. Bc4 Nc6+ 66. Kc5 Nd8 67. Bd5 Ne6+ 68. Bxe6 Kxe6 69. Kc6 Ke7 70. f5 Ke8 71. Kd6 Kf7 72. Kd7 Kg7 73. Ke7 Kh6 74. Kxf6 1-0